000 01152nam a2200301Ia 4500
001 Para_9688
003 CHAP
008 220125s9999 xx 000 0 und d
010 _a208364
040 _cCHAP
090 _aPA TESIS 2309
100 _aRamírez Pool, José Abrahán
_994192
245 _aCaracterización del perfil profesional del Ingeniero Agrónomo especialista en Parasitología Agrícola de la Universidad Autónoma Chapingo /
_c José Abrahán Ramírez Pool
260 _aChapingo, Méx. :
_b el autor, 2009
300 _a73 h.
502 _aTesis (Ing. Agr. Esp. en Parasitología Agrícola)UACh. Departamento Parasitología Agrícola
650 _aDocumentación como profesional
_9174693
650 _aHabilidades de los Ingenieros Agrónomos Parasitólogos
_9174694
650 _aIngenieros Agrónomos Parasitólogos
_x Mercado Laboral
_x México
_9174695
710 _aUACh. Departamento Parasitología Agrícola
_9164025
901 _aPA TESIS 2309
902 _aA
905 _a520220 BM 8000000000 00
910 _a
942 _cPARA
942 _cPARA
_d2
999 _c208364
_d208364